000
00184nam a2200073Ia 4500
008
170817s9999 xx 000 0 und d
100
_a
Chadha.Narender.Kumar
245
0
_a
Apploed Psychometry
260
_b
Sage Pub Delhi
999
_c
38421
_d
38421